<?xml version="1.0" encoding="UTF-8"?>
<record
    xmlns:xsi="http://www.w3.org/2001/XMLSchema-instance"
    xsi:schemaLocation="http://www.loc.gov/MARC21/slim http://www.loc.gov/standards/marcxml/schema/MARC21slim.xsd"
    xmlns="http://www.loc.gov/MARC21/slim">

  <leader>00620nam a22001937a 4500</leader>
  <controlfield tag="003">OSt</controlfield>
  <controlfield tag="005">20221108103354.0</controlfield>
  <controlfield tag="008">221108b        |||||||| |||| 00| 0 eng d</controlfield>
  <datafield tag="020" ind1=" " ind2=" ">
    <subfield code="a">9780143414971</subfield>
  </datafield>
  <datafield tag="040" ind1=" " ind2=" ">
    <subfield code="c">SBCL</subfield>
  </datafield>
  <datafield tag="082" ind1=" " ind2=" ">
    <subfield code="a">891.4</subfield>
    <subfield code="b">VEN-N</subfield>
  </datafield>
  <datafield tag="100" ind1=" " ind2=" ">
    <subfield code="a">Narayan,AK</subfield>
  </datafield>
  <datafield tag="245" ind1=" " ind2=" ">
    <subfield code="a">The vendor of sweets</subfield>
    <subfield code="b">With an introduction by Pico Iyer</subfield>
  </datafield>
  <datafield tag="260" ind1=" " ind2=" ">
    <subfield code="a">Haryana</subfield>
    <subfield code="b">Penguin Books</subfield>
    <subfield code="c">1967</subfield>
  </datafield>
  <datafield tag="300" ind1=" " ind2=" ">
    <subfield code="a">151</subfield>
  </datafield>
  <datafield tag="630" ind1=" " ind2=" ">
    <subfield code="x">GENERAL STACK</subfield>
  </datafield>
  <datafield tag="650" ind1=" " ind2=" ">
    <subfield code="2">Literature and rhetoric</subfield>
    <subfield code="a">Literature of other specific languages and language families</subfield>
    <subfield code="v">East Indo-European and Celtic Literatures</subfield>
    <subfield code="x">Modern Indic literature</subfield>
  </datafield>
  <datafield tag="942" ind1=" " ind2=" ">
    <subfield code="c">BOOK</subfield>
  </datafield>
  <datafield tag="952" ind1=" " ind2=" ">
    <subfield code="0">0</subfield>
    <subfield code="1">0</subfield>
    <subfield code="2">ddc</subfield>
    <subfield code="4">0</subfield>
    <subfield code="7">0</subfield>
    <subfield code="a">SBCL</subfield>
    <subfield code="b">SBCL</subfield>
    <subfield code="c">2</subfield>
    <subfield code="d">2022-11-08</subfield>
    <subfield code="l">1</subfield>
    <subfield code="o">891.4 VEN-N</subfield>
    <subfield code="p">142016</subfield>
    <subfield code="r">2025-07-14 13:49:32</subfield>
    <subfield code="s">2025-07-07</subfield>
    <subfield code="v">250.00</subfield>
    <subfield code="w">2022-11-08</subfield>
    <subfield code="y">BOOK</subfield>
  </datafield>
  <datafield tag="999" ind1=" " ind2=" ">
    <subfield code="c">135015</subfield>
    <subfield code="d">135015</subfield>
  </datafield>
</record>
